000
00344nam a2200121Ia 4500
008
151001s9999||||xx |||||||||||||| ||und||
100
_a
Relations Depart Public
245
_a
Is Years Ahead
260
_b
A Fazalhhay pub.
260
_c
1937
300
_a
292
365
_b
13
999
_c
950124
_d
950121